Introduction to internet of things (Record no. 194467)

000 -LEADER
fixed length control field 00470nam a22001697a 4500
005 - DATE AND TIME OF LATEST TRANSACTION
control field 20230224150847.0
008 - FIXED-LENGTH DATA ELEMENTS--GENERAL INFORMATION
fixed length control field 230224b ||||| |||| 00| 0 eng d
020 ## - INTERNATIONAL STANDARD BOOK NUMBER
International Standard Book Number 9781108859742
040 ## - CATALOGING SOURCE
Transcribing agency AACR2
082 ## - DEWEY DECIMAL CLASSIFICATION NUMBER
Classification number 004.68 MIS
100 ## - MAIN ENTRY--PERSONAL NAME
Personal name Mishra, Sudip and et.al.
9 (RLIN) 14515
245 ## - TITLE STATEMENT
Title Introduction to internet of things
260 ## - PUBLICATION, DISTRIBUTION, ETC.
Place of publication, distribution, etc. New Delhi
Name of publisher, distributor, etc. Cambridge University Press
Date of publication, distribution, etc. 2022
300 ## - PHYSICAL DESCRIPTION
Extent XVI, 387p.
650 ## - SUBJECT ADDED ENTRY--TOPICAL TERM
Topical term or geographic name entry element Internet of things
9 (RLIN) 14516
942 ## - ADDED ENTRY ELEMENTS (KOHA)
Source of classification or shelving scheme
Koha item type Books
Holdings
Withdrawn status Lost status Source of classification or shelving scheme Damaged status Not for loan Collection code Home library Current library Shelving location Date acquired Total Checkouts Total Renewals Full call number Barcode Date last seen Date last checked out Price effective from Koha item type
          Computer Science and Engineering Central Library Central Library Book Cart 02/24/2023 2 1 004.68 MIS 24982 05/09/2023 04/08/2023 02/24/2023 Books

Powered by Koha